Statistics for Doctor Who TV Companions (2005-2017)

Click here to take the quiz!

General Stats

  • This quiz has been taken 609 times
    (561 since last reset)
  • The average score is 10 of 12

Answer Stats

DoctorCompanion% Correct
9th & 10thRose Tyler
100%
11thAmy Pond
95%
11th & 12thClara Oswald
95%
10thMartha Jones
94%
10thDonna Noble
93%
11thRory Williams
92%
9thJack Harkness
88%
12thBill Potts
82%
10thMickey Smith
77%
11thRiver Song
75%
12thNardole
53%
9thAdam Mitchell
49%

Score Distribution

Percentile by Number Answered

Percent of People with Each Score

Your Score History

You have not taken this quiz since the last reset